000 01928nam a2200349Ia 4500
001 ebr10115191
003 CaPaEBR
006 m u
007 cr cn|||||||||
008 030110s2003 nyu sb 001 0 eng d
010 _z 2003042037
020 _z1403973628
020 _z1403961913 (cloth)
040 _aCaPaEBR
_cCaPaEBR
035 _a(OCoLC)560038922
050 1 4 _aDK277
_b.Z57 2003eb
082 0 4 _a323.1/47/0904
_221
100 1 _aZisserman-Brodsky, Dina.
245 1 0 _aConstructing ethnopolitics in the Soviet Union
_h[electronic resource] :
_bsamizdat, deprivation and the rise of ethnic nationalism /
_cDina Zisserman-Brodsky.
260 _aNew York :
_bPalgrave,
_c2003.
300 _axi, 294 p.
504 _aIncludes bibliographical references and index.
505 0 _aCh. 1. Introduction: Theoretical Perspective and Focus on Inquiry -- Ch. 2. Soviet Nationality Policy: Theory and Practice -- Ch. 3. The Modernization Process and Ethnonationalism -- Ch. 4. Relative Deprivation and the Politicization of Ethnic Groups -- Ch. 5. Ethnic Organizations, Programs, and Demands -- Ch. 6. Legitimizing Sources of Ethnic Politics -- Ch. 7. The Problem of Orientation: Ethnocentrism - Polycentrism -- Ch. 8. Samizdat and Ethnic Mobilization -- App. The Relevant Nationalities - Basic Facts.
533 _aElectronic reproduction.
_bPalo Alto, Calif. :
_cebrary,
_d2009.
_nAvailable via World Wide Web.
_nAccess may be limited to ebrary affiliated libraries.
650 0 _aMinorities
_zSoviet Union
_xPolitical activity.
650 0 _aNationalism
_zSoviet Union.
651 0 _aSoviet Union
_xEthnic relations
_xPolitical aspects.
651 0 _aSoviet Union
_xPolitics and government
_y1953-1985.
655 7 _aElectronic books.
_2local
710 2 _aebrary, Inc.
856 4 0 _uhttp://site.ebrary.com/lib/rucke/Doc?id=10115191
_zAn electronic book accessible through the World Wide Web; click to view
999 _c207766
_d207766